| 000 | 00492cam a22002051 4500 | ||
|---|---|---|---|
| 001 | sa 65008427 | ||
| 003 | DLC | ||
| 005 | 20260227112155.0 | ||
| 008 | 840822q19501959xx 000 0 beno | ||
| 010 | _asa 65008427 | ||
| 035 | _a(OCoLC)16763540 | ||
| 040 |
_aDLC _cOrPS _dDLC |
||
| 042 | _apremarc | ||
| 050 | 0 | 0 |
_aPK1718.M7918 _bT26 |
| 100 | 1 |
_aMukherji, Saurindramohan, _d1884- |
|
| 245 | 1 | 0 | _aTabu mane rekho. |
| 260 | _c[195-] | ||
| 300 |
_a249 p. _c22 cm. |
||
| 500 | _aRomanized. | ||
| 999 |
_c65700 _d65700 |
||